La pedagogía científica

Guardat en:
Dades bibliogràfiques
Autor principal: Freeman, Frank Nugent (Autor)
Format: Llibre
Idioma:espanyol
Publicat: Buenos Aires Losada 1952
Col·lecció:Biblioteca Pedagógica, 10
Matèries:
Etiquetes: Afegir etiqueta
Sense etiquetes, Sigues el primer a etiquetar aquest registre!

MARC

LEADER 00000nam a2200000 a 4500
001 UCY4389
003 CL-VaPUC
008 950310e19520000AG |||||||||||||||||spa|d
082 0 4 |a 372.35  |b FRE  |2 21 
100 0 |a Freeman, Frank Nugent  |e author  |9 332818 
245 1 3 |a La pedagogía científica 
300 |a 252 p 
942 |c BK 
945 |d 19950310 00:00:00  |a rbrito 
260 |a Buenos Aires  |b Losada  |c 1952 
650 0 |a Teoría de la educación   |9 309368 
650 0 |a Filosofía de la educación   |9 258384 
583 |a last modification  |c 19950310 00:00:00  |k Rodrigo Vera 
490 0 |a Biblioteca Pedagógica, 10 
999 |c 232263  |d 232261 
952 |0 0  |1 0  |4 0  |6 372_350000000000000_FRE_1952  |7 0  |8 P  |9 236383  |a BIBEDU  |b BIBEDU  |c BIBEDU_PB  |d 2019-11-15  |i 3063658  |o 372.35 FRE 1952  |p 3063658  |r 2024-01-25  |w 2019-11-15  |y BK  |k EDU